Searches in commercial conveyancing (Record no. 68446)

MARC details
000 -LEADER
fixed length control field 01170cam a2200205 4500
001 - CONTROL NUMBER
control field ABS64494
008 - FIXED-LENGTH DATA ELEMENTS--GENERAL INFORMATION
fixed length control field 011002n2001 000 0 eng u
035 ## - SYSTEM CONTROL NUMBER
System control number (Sirsi) u114958
100 ## - MAIN ENTRY--PERSONAL NAME
Personal name Boulton, A.
245 ## - TITLE STATEMENT
Title Searches in commercial conveyancing
260 ## - PUBLICATION, DISTRIBUTION, ETC.
Date of publication, distribution, etc. 2001
490 ## - SERIES STATEMENT
Series statement New Law Journal
Volume/sequential designation 151(7000) 21 September 2001, 1346-1348(3)
520 ## - SUMMARY, ETC.
Summary, etc. Provides details of the numerous pre-contract searches that need to be carried out on commercial properties, and highlights some particular areas of concern. The searches discussed include: local authority, commons registration, highways, chancel repairs, railways, mines and minerals, utility, Agricultural Credits Department, registered rents, personal representatives and attorneys, watercourses, environmental, office copy entries and title deeds, site inspection, unregistered land and company. Notes that this is not an exhaustive listing, and that it may be necessary to conduct further specific pre-contract searches or enquiries.
590 ## - LOCAL NOTE (RLIN)
Local note ABS
650 ## - SUBJECT ADDED ENTRY--TOPICAL TERM
Topical term or geographic name entry element CONVEYANCING
650 ## - SUBJECT ADDED ENTRY--TOPICAL TERM
Topical term or geographic name entry element PRE-CONTRACT ENQUIRIES
650 ## - SUBJECT ADDED ENTRY--TOPICAL TERM
Topical term or geographic name entry element SEARCHES
690 ## - LOCAL SUBJECT ADDED ENTRY--TOPICAL TERM (OCLC, RLIN)
Topical term or geographic name as entry element PROPERTY-COMMERCIAL PROPERTY
942 ## - ADDED ENTRY ELEMENTS (KOHA)
Suppress in OPAC 0
Holdings
Withdrawn status Lost status Source of classification or shelving scheme Damaged status Not for loan Home library Current library Shelving location Date acquired Total Checkouts Full call number Barcode Date last seen Copy number Price effective from Koha item type
    Dewey Decimal Classification     London London Journal article 02/10/2001   ABS64494 114958-1001 06/08/2019 1 06/08/2019 Journal article